Porth's Pathophysiology:concepts of altered health states (Record no. 5899)

MARC details
000 -LEADER
fixed length control field 00646nam a22002177a 4500
003 - CONTROL NUMBER IDENTIFIER
control field OSt
005 - DATE AND TIME OF LATEST TRANSACTION
control field 20171205144637.0
008 - FIXED-LENGTH DATA ELEMENTS--GENERAL INFORMATION
fixed length control field 171205b xxu||||| |||| 00| 0 eng d
020 ## - INTERNATIONAL STANDARD BOOK NUMBER
International Standard Book Number 9781451145991
020 ## - INTERNATIONAL STANDARD BOOK NUMBER
International Standard Book Number 1451145993
040 ## - CATALOGING SOURCE
Transcribing agency DNLM
082 ## - DEWEY DECIMAL CLASSIFICATION NUMBER
Classification number QZ4 G914P 2014
100 ## - MAIN ENTRY--PERSONAL NAME
Personal name Grossman, Sheila C.; Mattson, Carol Porth
9 (RLIN) 12273
245 ## - TITLE STATEMENT
Title Porth's Pathophysiology:concepts of altered health states
250 ## - EDITION STATEMENT
Edition statement 9th ed.
260 ## - PUBLICATION, DISTRIBUTION, ETC. (IMPRINT)
Place of publication, distribution, etc. Phaladelphia; Wolters kluwer, 2014
300 ## - PHYSICAL DESCRIPTION
Extent xxiv,1660p;col.ill: 28.5cm
504 ## - BIBLIOGRAPHY, ETC. NOTE
Bibliography, etc References, appendix, glossary, & index included
650 ## - SUBJECT ADDED ENTRY--TOPICAL TERM
Topical term or geographic name as entry element Pathophysiology
9 (RLIN) 1863
942 ## - ADDED ENTRY ELEMENTS (KOHA)
Source of classification or shelving scheme Other/Generic Classification Scheme
Koha item type Book Bank
Holdings
Withdrawn status Lost status Source of classification or shelving scheme Damaged status Not for loan Home library Current library Date acquired Source of acquisition Inventory number Total Checkouts Full call number Barcode Date last seen Koha item type
    Other/Generic Classification Scheme     MUST Main Library MUST Main Library 05/12/2017   17/40298   QZ4 G914P 2014 2017-0942 11/10/2019 Book Bank
    Other/Generic Classification Scheme     MUST Main Library MUST Main Library 05/12/2017   17/40299   QZ4 G914P 2014 2017-0943 05/12/2017 Book Bank